• 首页
  • 本馆介绍
  • 公告通知
  • 最新文献
  • 馆藏检索
  • 电子资源
  • 读者导购
  • 参考咨询
  • 我的图书馆
  • 登录
  • 详细信息显示
  • 放入我的书架
  • 预约/预借图书
  • 作者相关作品
  • 分类相关作品
  • 丛书相关作品
  • 出版社相关作品

书目信息

  • 表格格式
  • 工作单格式
  • 卡片格式
题名:
社会学概论
    
 
作者: 《社会学概论》编写组
分册:  
出版信息: 天津   天津人民出版社  1984
页数: 415页
开本: 20cm
丛书名:
单 册:
中图分类: C910
科图分类:
主题词: 社会学
电子资源:
ISBN:
000 00543nam0 2200181 450
001 0728815141
005 20070819080015.14
010    @d¥1.80
100    @a20070819d km y0chiy0120 ea
101 0  @achi
200 1  @a社会学概论@Ashe hui xue gai lun@f《社会学概论》编写组@F《she hui xue gai lun》bian xie zu
210    @a天津@c天津人民出版社@d1984
215    @a415页@d20cm
606 0  @a社会学
690    @aC910@v3
701  0 @a《社会学概论》编写组@A《she hui xue gai lun》bian xie zu
801  0 @aCN@bPFT@c20070819
905    @a213230@dC910@eZW6@f1
    
    社会学概论/《社会学概论》编写组.-天津:天津人民出版社,1984
    415页;20cm
    
    
    ISBN :¥1.80
    
●
相关链接 在E读中查询图书 在五车中查询图书 在当当中查询图书 在豆瓣中查询图书


正题名:社会学概论     索取号:C910/ZW6         预约/预借

序号 登录号 条形码 馆藏地/架位号 状态 备注
1 7601132   276011325   密集书库-文学院/ [索取号:C910/ZW6] 在馆    
唐山师范学院图书馆 欢迎您!
大连网信软件有限公司© 版权所有